Manual de bombas: diseño, aplicación, especificaciones, operación y mantenimiento
Salvato in:
| Autori principali: | , , |
|---|---|
| Natura: | Libro |
| Lingua: | spagnolo |
| Pubblicazione: |
Ciudad de México
McGraw-Hill
1983
|
| Soggetti: | |
| Tags: |
Aggiungi Tag
Nessun Tag, puoi essere il primo ad aggiungerne!!
|
MARC
| LEADER | 00000nam a2200000 a 4500 | ||
|---|---|---|---|
| 001 | UCV7041 | ||
| 003 | CL-VaPUC | ||
| 008 | 910924e19830000MX |||||||||||||||||spa|d | ||
| 082 | 0 | 4 | |a 621.65 |b KAR |2 21 |
| 100 | |a Karassik, Igor J |e author |9 533195 | ||
| 700 | 0 | |a Krutzsch, William C |e author |9 301032 | |
| 700 | 0 | |a Fraser, Warren H |e author |9 301033 | |
| 245 | 1 | 0 | |a Manual de bombas: diseño, aplicación, especificaciones, operación y mantenimiento |
| 300 | |a 1000 p | ||
| 942 | |c BK | ||
| 945 | |d 19910924 00:00:00 | ||
| 260 | |a Ciudad de México |b McGraw-Hill |c 1983 | ||
| 650 | 7 | |a MAQUINARIA DE BOMBEO |2 CL-VaPUC |9 260377 | |
| 650 | 0 | |a Manuales |9 257144 | |
| 583 | |a last modification |c 19910924 00:00:00 |k Rodrigo Vera | ||
| 999 | |c 212793 |d 212791 | ||
| 952 | |0 0 |1 0 |4 0 |6 621_650000000000000_KAR_1983 |7 0 |8 A |9 194420 |a BIBING |b BIBING |d 2019-11-14 |i 2626136 |o 621.65 KAR 1983 |p 2626136 |r 2025-01-20 |w 2019-11-14 |y BK |k EIQ | ||
| 952 | |0 0 |1 0 |4 0 |6 621_650000000000000_KAR_1983 |7 0 |8 A |9 194421 |a BIBMEC |b BIBMEC |d 2019-11-14 |i 1327151 |o 621.65 KAR 1983 |p 1327151 |r 2024-01-19 |w 2019-11-14 |y BK |k MEC | ||